000 00259nam a2200121Ia 4500
100 _aSinha/S.N
942 _cBK
654 _aConcrete Design
245 _aReinforced Concrete Design
260 _bMcGraw Hill
_aNew Delhi
300 _a708
546 _aENGLISH
999 _c21680
_d21680